[Event "Patrimonio op 1st"]
[Site "Alcala de Henares"]
[Date "2006.10.12"]
[Round "6"]
[White "Paniagua Tineo, Arturo"]
[Black "Martinez Miura, Enrique"]
[Result "1-0"]
[WhiteElo "2041"]
[BlackElo "1857"]
[PlyCount "77"]
[EventDate "2006.10.07"]
[EventType "swiss"]
[EventRounds "9"]
[EventCountry "ESP"]
[SourceTitle "CBM 114 Extra"]
[Source "ChessBase"]
[SourceDate "2006.11.03"]
[SourceVersion "1"]
[SourceVersionDate "2006.11.03"]
[SourceQuality "1"]

1. d4 Nf6 2. c4 e6 3. Nf3 b6 4. g3 Bb7 5. Bg2 Be7 6. 0-0 0-0 7. d5 exd5 8. Nh4 c6 9. cxd5 Nxd5 10. Nf5 d6 11. e4 Nf6 12. Re1 Bc8 13. Nxe7+ Qxe7 14. Bf4 Rd8 15. Nc3 a6 16. Qd4 c5 17. Qe3 Ra7 18. Bg5 Be6 19. Qf4 Nbd7 20. Nd5 Bxd5 21. exd5 Qf8 22. Qd2 h6 23. Bf4 Nh5 24. Be3 Ne5 25. Qe2 Nf6 26. f4 Neg4 27. Bd2 Re8 28. Qd3 h5 29. Bc3 Nd7 30. Rxe8 Qxe8 31. Re1 Qf8 32. Qf5 Ngf6 33. Qg5 b5 34. b3 b4 35. Ba1 Kh7 36. Bh3 Rc7 37. Bxd7 Rxd7 38. Bxf6 gxf6 39. Qf5+ 1-0

[Event "Patrimonio op 1st"]
[Site "Alcala de Henares"]
[Date "2006.10.08"]
[Round "2"]
[White "Paniagua Tineo, Arturo"]
[Black "Martinez Martin, David"]
[Result "0-1"]
[WhiteElo "2041"]
[BlackElo "2415"]
[PlyCount "70"]
[EventDate "2006.10.07"]
[EventType "swiss"]
[EventRounds "9"]
[EventCountry "ESP"]
[SourceTitle "CBM 114 Extra"]
[Source "ChessBase"]
[SourceDate "2006.11.03"]
[SourceVersion "1"]
[SourceVersionDate "2006.11.03"]
[SourceQuality "1"]

1. d4 Nf6 2. c4 e6 3. Nf3 c5 4. e3 cxd4 5. exd4 d5 6. Bg5 Be7 7. Nc3 0-0 8. c5 Nc6 9. Bd3 b6 10. Bb5 Bd7 11. Bxc6 Bxc6 12. b4 bxc5 13. bxc5 Ne4 14. Bxe7 Qxe7 15. Ne5 Nxc3 16. Nxc6 Qg5 17. Qf3 Ne4 18. Rd1 f5 19. h4 Qh6 20. g3 Rf7 21. Qf4 g5 22. Qe5 Rc8 23. Na5 f4 24. gxf4 Rf5 25. fxg5 Qg6 26. h5 Qe8 27. Qh2 Rxf2 28. Qh3 e5 29. Rf1 Rxa2 30. dxe5 Rxa5 31. Rxd5 Ra1+ 32. Ke2 Rxf1 33. Kxf1 Qf7+ 34. Ke2 Rb8 35. Rd7 Rb2+ 0-1